Statistiques concernant Devinez le pays dans sa langue

Cliquez ici pour prendre le quiz!

Statistiques générales

  • Ce quiz a été pris 246 fois
  • Le résultat moyen est 16 sur 20

Statistiques - réponses

Pays traduitPays en Français% Correct
Suid-AfrikaAfrique du sud
100%
FranceFrance
100%
Қазақстан (Qazaqstan)Kazakhstan
100%
नेपाल (Nēpāla)Népal
100%
RomâniaRoumanie
100%
TürkiyeTurquie
100%
LuxemburgLuxembourg
96%
AzərbaycanAzerbaïdjan
95%
MadagaskarMadagascar
95%
NederlandPays-Bas
95%
Česká republikaRépublique Tchèque
95%
Россия (Rossiya)Russie
95%
Україна (Ukrayina)Ukraine
95%
DeutschlandAllemagne
94%
ÍslandIslande
94%
ItaliaItalie
94%
LietuvaLituanie
94%
Việt NamViêt Nam
94%
SlovenijaSlovénie
93%
Монгол (Mongol)Mongolie
92%
PilipinasPhilippines
92%
EspañaEspagne
91%
PortugalPortugal
91%
PolskaPologne
90%
O'zbekistonOuzbékistan
89%
Србија (Srbija)Serbie
89%
SverigeSuède
88%
IndonesiaIndonésie
87%
SoomaaliyaSomalie
87%
Long Papua NiuginiPapouasie-Nouvelle-Guinée
85%
Кыргызстан (Kırgızstan)Kirghizistan
83%
日本 (Nihon)Japon
82%
MalawiMalawi
82%
العربية السعودية (Alearabiat Alsueudia)Arabie saoudite
81%
ශ්‍රී ලංකාව (śrī laṁkāva)Sri Lanka
81%
United KingdomRoyaume-Uni
80%
বাংলাদেশী (Bānlādēśī)Bangladesh
79%
Беларусь (Bielaruś)Biélorussie
79%
EestiEstonie
78%
Македонија (Makedonija)Macédoine
78%
MaltaMalte
76%
中国 (Zhōngguó)Chine
72%
မြန်မာပြည် (Myanmarpyi)Birmanie
71%
Ελλάδα (Elláda)Grèce
67%
대한민국 (Daehanmingug)Corée du sud
65%
SvizraSuisse
63%
ÉireannIrlande
55%
भारत (Bhaarat)Inde
50%
Точикистон (Tocikiston)Tadjikistan
50%
NajeriyaNigeria
41%
MagyarországHongrie
40%
SuomiFinlande
37%
PiruwPérou
36%
ประเทศไทย (Pratheṣ̄thịy)Thaïlande
32%
ShqipëriaAlbanie
25%
HrvatskaCroatie
17%
საქართველოს (Sakartvelos)Géorgie
16%
Հայաստան (Hayastan)Arménie
13%

Distribution des résultats

Percentile par nombre de réponses

% des personnes avec chaque résultat

Votre développement - résultats

Vous n’avez pas pris ce quiz